000 00404nam a2200121Ia 4500
008 220620s9999||||xx |||||||||||||| ||und||
100 _aAmery, Justin
245 0 _aIntegrating Everything
_bThe Integrated Practitioner
546 _aEnglish[eng]
650 _aMedical Education||SCI-TECH||MEDICINE||STM
856 _uhttps://library.oapen.org/bitstream/20.500.12657/41684/1/9781000192407.pdf
942 _cEB
999 _c33441
_d33441